000 00577cam a2200145 4500500
005 20260208002341.0
041 _afre
042 _adc
100 1 0 _aLacam-Gitareu, Stéphane
_eauthor
245 0 0 _aChristine Watson Piercing the Ground: Balgo Women’s Image Making and Relationship to Country. Fremantle, Fremantle Arts Centre Press, 2003, 400 p., ill., carte
260 _c2005.
500 _a84
786 0 _nL'Homme | 174 | 2 | 2005-06-01 | p. 277r-329r | 0439-4216
856 4 1 _uhttps://shs.cairn.info/revue-l-homme-2005-2-page-277r?lang=fr&redirect-ssocas=7080
999 _c1645963
_d1645963